| 000 | 01151nam a2200337 i 4500 | ||
|---|---|---|---|
| 001 | 000003879 | ||
| 003 | DO-SdBNP | ||
| 005 | 20240822141641.0 | ||
| 006 | a||||gr|||| 00| 0 | ||
| 007 | ta | ||
| 008 | 090714s2003 dr ab 000 0 spa d | ||
| 020 | _a8475562949 | ||
| 040 |
_aDO-SdBNP _bspa _cBNPHU _erda |
||
| 082 | 4 |
_a299.3103 _bL222d _222 |
|
| 100 | 1 |
_aLambert, Teodoro G. _911710 _eautor |
|
| 245 | 1 | 0 |
_aDiccionario de los dioses y mitos del antiguo Egipto / _cTeodoro G. Lambert. |
| 264 | 4 |
_aBarcelona, España : _bEditorial Océano, _c©2004. |
|
| 300 |
_a270 páginas : _bilustraciones, fotografías, mapas, retratos ; _c24 cm. |
||
| 336 |
_2rdacontent _atexto _btxt |
||
| 337 |
_2rdamedia _asin mediación _bn |
||
| 338 |
_2rdacarrier _avolumen _bnc |
||
| 490 | 0 | _aOcéano / Ámbar | |
| 500 | _aIncluye pie de fotos. | ||
| 500 | _aBibliografía: páginas 263-270. | ||
| 590 | _aInventariado, 2024 / MF | ||
| 650 | 4 |
_aDioses egipcios _xDiccionarios _911711 |
|
| 650 | 4 |
_aMitología egipcia _xDiccionarios _911712 |
|
| 650 | 4 |
_aReligión egipcia _xDiccionarios _911713 |
|
| 910 | _aValidado. Control de calidad. MMOLINA | ||
| 942 |
_2ddc _cLBS1 |
||
| 999 |
_c3701 _d3701 |
||